| 000 | 00477cam a2200193ua 4500 | ||
|---|---|---|---|
| 001 | 10120 | ||
| 008 | 160304n2004 II |||gr||||Z||||||eng | ||
| 040 | _aMAIN | ||
| 041 | _aEnglish | ||
| 082 | _a338.5 VAR | ||
| 100 | _aVARMA , MM . | ||
| 245 | _aMICRO ECONOMICS | ||
| 260 |
_aNEW DELHI _bKING BOOK EDUCATIONAL PUBLISHERS _c2004 |
||
| 300 |
_a(1--P.): _c20CM. |
||
| 653 | _aMicro Economics | ||
| 700 |
_aVARMA , MM ., _eAuthor. |
||
| 700 | _aAGARWAL , R.K . | ||
| 942 | _cBK | ||
| 999 |
_c10091 _d10091 |
||